[Event "2BLO 1920 Münchener Schachclub 1836 - "]
[Site "?"]
[Date "2019.12.08"]
[Round "6.1"]
[White "Hess, Max"]
[Black "Tabatabaei, M.amin"]
[Result "1/2-1/2"]
[WhiteElo "2382"]
[BlackElo "2635"]
[PlyCount "82"]
[EventDate "2019.??.??"]

1. e4 e5 2. Nf3 Nc6 3. Bc4 Nf6 4. d3 Bc5 5. O-O d6 6. c3 a5 7. Re1 O-O 8. h3 h6
9. Nbd2 Be6 10. a4 Bxc4 11. Nxc4 Re8 12. Qb3 Qd7 13. Be3 Bxe3 14. Rxe3 b6 15.
Rae1 Rad8 16. Qb5 Ne7 17. Qxd7 Nxd7 18. d4 f6 19. R3e2 Kf7 20. Na3 Nb8 21. g3
Na6 22. Nc2 Ng6 23. h4 h5 24. d5 Nc5 25. Ra1 Ra8 26. Nd2 Ne7 27. f3 Rg8 28. Kf2
g5 29. hxg5 Rxg5 30. Ne1 f5 31. Nf1 fxe4 32. fxe4 Rg4 33. Nf3 Rag8 34. N3d2 h4
35. gxh4 Rxh4 36. Ke3 Rh3+ 37. Nf3 Rg4 38. N1d2 Rf4 39. Rf2 Nxe4 40. Nxe4 Nxd5+
41. Kd2 Ke7 1/2-1/2

[Event "2BLO 1920 Münchener Schachclub 1836 - "]
[Site "?"]
[Date "2019.12.08"]
[Round "6.2"]
[White "Indjic, Aleksandar"]
[Black "Renner, Christoph"]
[Result "1-0"]
[WhiteElo "2619"]
[BlackElo "2323"]
[PlyCount "99"]
[EventDate "2019.??.??"]

1. Nf3 f5 2. d3 Nc6 3. d4 e6 4. g3 Nf6 5. Bg2 d6 6. c4 e5 7. d5 Ne7 8. Nc3 h6
9. e4 g5 10. exf5 Nxf5 11. h3 Bg7 12. Nd2 O-O 13. Nde4 Nd4 14. g4 Bd7 15. Be3
Nh7 16. a4 a6 17. a5 Qe7 18. Ne2 Rae8 19. N2g3 Rf7 20. Nh5 Nf8 21. Nxg7 Rxg7
22. Bxd4 exd4 23. Qxd4 Ng6 24. O-O Rf7 25. Rae1 Qe5 26. Qd2 Qf4 27. Re3 Ne5 28.
b3 Ref8 29. Ng3 Qf6 30. Nh5 Qh8 31. Be4 Rf4 32. Nxf4 gxf4 33. Ree1 f3 34. Bc2
Qf6 35. Rxe5 dxe5 36. Qd3 Rf7 37. Qg6+ Qxg6 38. Bxg6 Rg7 39. Bh5 Bf5 40. Re1
Bc2 41. Rxe5 Bxb3 42. Re8+ Kh7 43. Re4 Kg8 44. Kh2 Rd7 45. Kg3 b6 46. axb6 cxb6
47. Re6 Bxc4 48. Rxb6 a5 49. d6 a4 50. Be8 1-0

[Event "2BLO 1920 Münchener Schachclub 1836 - "]
[Site "?"]
[Date "2019.12.08"]
[Round "6.3"]
[White "Koepke, Christian"]
[Black "Martinovic, Sasa"]
[Result "1/2-1/2"]
[WhiteElo "2335"]
[BlackElo "2544"]
[PlyCount "42"]
[EventDate "2019.??.??"]

1. e4 c5 2. Nf3 d6 3. d4 cxd4 4. Nxd4 Nf6 5. Nc3 Nc6 6. f3 e5 7. Nb3 Be6 8. Be3
Be7 9. Nd5 Bxd5 10. exd5 Nb4 11. c4 a5 12. Qd2 b6 13. Be2 O-O 14. O-O Na6 15.
Nc1 Nd7 16. Bd1 Nac5 17. Ne2 h6 18. Nc3 Bg5 19. b3 Bxe3+ 20. Qxe3 f5 21. Bc2
Qf6 1/2-1/2

[Event "2BLO 1920 Münchener Schachclub 1836 - "]
[Site "?"]
[Date "2019.12.08"]
[Round "6.4"]
[White "Tadic, Branko"]
[Black "Koepke, Elena"]
[Result "1-0"]
[WhiteElo "2502"]
[BlackElo "2309"]
[PlyCount "87"]
[EventDate "2019.??.??"]

1. Nf3 d5 2. g3 Bg4 3. Bg2 c6 4. h3 Bh5 5. c4 e6 6. O-O Nf6 7. d4 Nbd7 8. cxd5
cxd5 9. Nc3 Bd6 10. Qb3 Qb6 11. Qxb6 Nxb6 12. Nb5 Bb8 13. g4 Bg6 14. Ne5 a6 15.
Nc3 Bd6 16. a4 Rc8 17. a5 Nbd7 18. Nxg6 hxg6 19. Rd1 Ke7 20. Bg5 Bb4 21. Rdc1
Bxc3 22. bxc3 Rc4 23. Rab1 Rhc8 24. Rxb7 Rxc3 25. Rxc3 Rxc3 26. Ra7 Kd8 27. e4
dxe4 28. Bxe4 Ra3 29. Rxa6 Ra4 30. Ra8+ Ke7 31. Bc6 Ra1+ 32. Kg2 Kd6 33. Bxd7
Nxd7 34. Bf4+ Kc6 35. Rc8+ Kd5 36. Rc7 Nf6 37. Rxf7 Kxd4 38. Rxg7 Nd5 39. Bg5
Rxa5 40. Rxg6 e5 41. h4 e4 42. h5 Ke5 43. h6 Ra8 44. h7 1-0

[Event "2BLO 1920 Münchener Schachclub 1836 - "]
[Site "?"]
[Date "2019.12.08"]
[Round "6.5"]
[White "Dehlinger, Alexander"]
[Black "Froewis, Georg"]
[Result "1/2-1/2"]
[WhiteElo "2295"]
[BlackElo "2472"]
[PlyCount "38"]
[EventDate "2019.??.??"]

1. Nf3 d5 2. d4 Nf6 3. c4 e6 4. g3 Bb4+ 5. Bd2 Be7 6. Bg2 c6 7. Qc2 Nbd7 8. O-O
b6 9. cxd5 cxd5 10. Rc1 Bb7 11. Qa4 a6 12. Bb4 O-O 13. Nbd2 Bxb4 14. Qxb4 a5
15. Qd6 Ne8 16. Qf4 Ba6 17. Bf1 Qe7 18. Ne5 f6 19. Nxd7 Qxd7 1/2-1/2

[Event "2BLO 1920 Münchener Schachclub 1836 - "]
[Site "?"]
[Date "2019.12.08"]
[Round "6.6"]
[White "Berchtenbreiter, Maximilian"]
[Black "Rusche, Johannes"]
[Result "1/2-1/2"]
[WhiteElo "2491"]
[BlackElo "2269"]
[PlyCount "99"]
[EventDate "2019.??.??"]

1. e4 e5 2. Nf3 Nc6 3. Bb5 a6 4. Ba4 Nf6 5. O-O Be7 6. Re1 b5 7. Bb3 O-O 8. a4
b4 9. d4 d6 10. dxe5 dxe5 11. Nbd2 Bc5 12. Qe2 Qe7 13. a5 Rd8 14. Bc4 Nd4 15.
Nxd4 Bxd4 16. Nf3 Bb7 17. Nxd4 Rxd4 18. Be3 Rxe4 19. Bd3 Rh4 20. Bg5 Rd4 21.
Qxe5 Qxe5 22. Rxe5 Rg4 23. Bf1 Nd7 24. Re7 Rxg5 25. Rxd7 Rc5 26. b3 Bd5 27. Rd1
c6 28. Rb7 Rxc2 29. Rxb4 Ra2 30. Bxa6 Rxa5 31. Bc4 Ra1 32. Rf1 Bxc4 33. Rxc4
R1a3 34. Rb4 g6 35. h4 R8a5 36. Rc1 Ra1 37. Rxa1 Rxa1+ 38. Kh2 Rb1 39. Kg3 Kg7
40. Kf4 Rb2 41. Ke3 Kf6 42. g4 h5 43. g5+ Ke6 44. Rb6 Kd5 45. Rb7 Ke6 46. b4
Rc2 47. f3 Rc3+ 48. Kf4 Rc4+ 49. Kg3 Rd4 50. Rc7 1/2-1/2

[Event "2BLO 1920 Münchener Schachclub 1836 - "]
[Site "?"]
[Date "2019.12.08"]
[Round "6.7"]
[White "Schleich, Markus"]
[Black "Radovanovic, Nikola"]
[Result "1/2-1/2"]
[WhiteElo "2213"]
[BlackElo "2400"]
[PlyCount "71"]
[EventDate "2019.??.??"]

1. e4 c5 2. Nf3 d6 3. Bb5+ Nd7 4. d4 a6 5. Bxd7+ Bxd7 6. dxc5 dxc5 7. Nc3 e6 8.
Bf4 b5 9. Ne5 Nf6 10. Qf3 b4 11. Ne2 Be7 12. g4 Bb5 13. g5 Nxe4 14. Qxe4 O-O
15. Rg1 Rc8 16. c4 Be8 17. Be3 Qa5 18. Kf1 Qc7 19. Bf4 Qb6 20. Nc1 Rd8 21. Ne2
f6 22. gxf6 Bxf6 23. Bg5 Qd6 24. Bxf6 Rxf6 25. Ng4 Rf8 26. Ne5 Rf5 27. Ng4 Bc6
28. Qc2 Kh8 29. Ne3 Rff8 30. Rd1 Qxh2 31. Ng3 Rxd1+ 32. Nxd1 Qh3+ 33. Ke1 Qh2
34. Kf1 Qh3+ 35. Ke1 Qh2 36. Kf1 1/2-1/2

[Event "2BLO 1920 Münchener Schachclub 1836 - "]
[Site "?"]
[Date "2019.12.08"]
[Round "6.8"]
[White "Ciolek, Andreas"]
[Black "Werner, Denis"]
[Result "1-0"]
[WhiteElo "2267"]
[BlackElo "1897"]
[PlyCount "115"]
[EventDate "2019.??.??"]

1. e4 c5 2. Nf3 Nc6 3. d3 g6 4. g3 Bg7 5. Bg2 e6 6. O-O Nge7 7. c3 O-O 8. d4
cxd4 9. cxd4 d5 10. e5 Qb6 11. Nc3 Nf5 12. Na4 Qb4 13. a3 Qe7 14. b4 b6 15. Rb1
Bd7 16. Nc3 h5 17. Bg5 f6 18. exf6 Bxf6 19. Bxf6 Qxf6 20. Ne2 g5 21. Qd2 g4 22.
Ne5 Nxe5 23. dxe5 Qxe5 24. Nf4 Qd4 25. Qe2 Ng7 26. Rbd1 Qf6 27. Rfe1 Rac8 28.
Qd2 Rc3 29. Bxd5 exd5 30. Nxd5 Qf3 31. Qxc3 Qxf2+ 32. Kh1 Bc6 33. Qe3 Qf5 34.
Qe4 Kh8 35. Qxf5 Nxf5 36. Re5 Nd6 37. Kg1 Nb5 38. a4 Na3 39. Nc3 Rc8 40. Nb5
Bf3 41. Rde1 Nc4 42. Rxh5+ Kg7 43. Nxa7 Ra8 44. Rc1 Nd2 45. Rc7+ Kg6 46. Rb5
Re8 47. Rxb6+ Kf5 48. Rc5+ Ke4 49. Rd6 Nb3 50. Rc3 Ke5 51. Nb5 Kf5 52. Rxb3
Re1+ 53. Kf2 Re2+ 54. Kf1 Rxh2 55. Nd4+ Ke4 56. Nxf3 gxf3 57. Re6+ Kf5 58. Ree3
1-0

[Event "2BLO 1920 SF Bad Mergentheim - Erfurter"]
[Site "?"]
[Date "2019.12.08"]
[Round "6.1"]
[White "Braeuer, Franz"]
[Black "Karpatchev, Aleksandr"]
[Result "1-0"]
[WhiteElo "2425"]
[BlackElo "2422"]
[PlyCount "103"]
[EventDate "2019.??.??"]

1. e4 e5 2. Nf3 Nc6 3. d4 exd4 4. Nxd4 Qf6 5. Nf3 Bb4+ 6. c3 Bc5 7. Be2 d6 8.
O-O h6 9. b4 Bb6 10. Nbd2 Be6 11. a4 a6 12. Bb2 Nge7 13. Nc4 Bxc4 14. Bxc4 O-O
15. a5 Ba7 16. Qd2 Ne5 17. Nxe5 dxe5 18. Rad1 Ng6 19. g3 Rfd8 20. Qe2 Nf8 21.
Bc1 Ne6 22. Kg2 c6 23. h4 Kf8 24. Qa2 Kg8 25. Rfe1 Kf8 26. Rxd8+ Rxd8 27. Be3
Bxe3 28. Rxe3 Qg6 29. Kh2 Kg8 30. Qe2 Rd6 31. Rf3 Kh8 32. Rf5 f6 33. Rf3 Qe8
34. Rd3 Rxd3 35. Qxd3 Qe7 36. Bb3 Kg8 37. Qc4 Kf7 38. Qe2 Ke8 39. Qg4 Nd8 40.
Qf5 Qf8 41. Bd1 Qe7 42. Bh5+ Kf8 43. Qc8 Qd6 44. Bg6 Ke7 45. Bf5 Kf7 46. h5 Ke7
47. Kg2 Ke8 48. c4 Kf8 49. c5 Qe7 50. Kh3 Kf7 51. Kg4 Kf8 52. Qd7 {(Schwarz
gibt auf)} 1-0

[Event "2BLO 1920 SF Bad Mergentheim - Erfurter"]
[Site "?"]
[Date "2019.12.08"]
[Round "6.2"]
[White "Ikonnikov, Vyacheslav"]
[Black "Votava, Jan"]
[Result "1/2-1/2"]
[WhiteElo "2501"]
[BlackElo "2522"]
[PlyCount "36"]
[EventDate "2019.??.??"]

1. Nf3 Nf6 2. c4 c5 3. d4 cxd4 4. Nxd4 b6 5. Nc3 Bb7 6. f3 e6 7. e4 d6 8. Be2
Be7 9. Be3 O-O 10. O-O Nbd7 11. Qd2 a6 12. Rfd1 Qb8 13. Bf1 Bd8 14. Kh1 Bc7 15.
Bg1 Kh8 16. b4 Rg8 17. Re1 Qf8 18. f4 Qe7 {(=)} 1/2-1/2

[Event "2BLO 1920 SF Bad Mergentheim - Erfurter"]
[Site "?"]
[Date "2019.12.08"]
[Round "6.3"]
[White "Enders, Peter"]
[Black "Kazakouski, Valery"]
[Result "1-0"]
[WhiteElo "2453"]
[BlackElo "2485"]
[PlyCount "81"]
[EventDate "2019.??.??"]

1. b3 e5 2. Bb2 Nc6 3. Nf3 e4 4. Nd4 Nxd4 5. Bxd4 d5 6. e3 Bf5 7. d3 Qg5 8.
dxe4 Bxe4 9. Qe2 a6 10. Nd2 Bf5 11. Nf3 Qe7 12. g3 Qb4+ 13. c3 Qa3 14. b4 Be7
15. Bg2 Nf6 16. O-O O-O 17. Nh4 Be6 18. Qc2 Rfe8 19. Rab1 Rad8 20. Rfd1 g6 21.
Rd3 Bd7 22. c4 Qa4 23. Qb2 Ne4 24. cxd5 Nd6 25. Rc1 a5 26. Bh8 Bf8 27. Bf6 Rc8
28. bxa5 Qxa5 29. Ra3 Qb5 30. Rb3 Qa4 31. Nf3 Ne4 32. Bd4 b6 33. Ne5 Bf5 34. g4
f6 35. gxf5 fxe5 36. Bxe5 Nd2 37. fxg6 hxg6 38. Qxd2 Rxe5 39. Rxb6 Rg5 40. f4
Rg4 41. Re6 {(Schwarz gibt auf)} 1-0

[Event "2BLO 1920 SF Bad Mergentheim - Erfurter"]
[Site "?"]
[Date "2019.12.08"]
[Round "6.4"]
[White "Rakotomaharo, Fy Antenaina"]
[Black "Haba, Petr"]
[Result "1-0"]
[WhiteElo "2438"]
[BlackElo "2479"]
[PlyCount "83"]
[EventDate "2019.??.??"]

1. e4 e5 2. Nf3 Nf6 3. d4 Nxe4 4. Bd3 d5 5. Nxe5 Nd7 6. Nc3 Nxc3 7. bxc3 Nxe5
8. dxe5 Bc5 9. Qh5 Be6 10. Rb1 Qd7 11. Qh4 c6 12. O-O Be7 13. Qg3 O-O-O 14. Be3
c5 15. f4 g6 16. Qf2 d4 17. cxd4 cxd4 18. Bd2 Qc7 19. a4 Bd5 20. Bb4 Bc6 21.
Rfd1 f6 22. Bxe7 Qxe7 23. Bb5 Bxb5 24. Rxb5 fxe5 25. Rxe5 Qa3 26. a5 Rd7 27. f5
gxf5 28. Qxf5 Rhd8 29. Rd5 Qe3+ 30. Kh1 Kc7 31. Re5 Qh6 32. Re6 Qg7 33. Qf4+
Kc8 34. a6 Rc7 35. axb7+ Kb8 36. Rb1 Qf7 37. Qe5 Qg7 38. Rd6 Rf8 39. Qd5 Qe7
40. Qxd4 Rxc2 41. Rd7 Rb2 42. Ra1 {(Schwarz gibt auf)} 1-0

[Event "2BLO 1920 SF Bad Mergentheim - Erfurter"]
[Site "?"]
[Date "2019.12.08"]
[Round "6.5"]
[White "Weishaeutel, Moritz"]
[Black "Gasthofer, Alexander"]
[Result "0-1"]
[WhiteElo "2231"]
[BlackElo "2419"]
[PlyCount "64"]
[EventDate "2019.??.??"]

1. e4 d6 2. d4 Nf6 3. Nc3 e5 4. Nf3 Nbd7 5. Bc4 Be7 6. O-O O-O 7. Re1 c6 8. a4
Qc7 9. h3 a5 10. Be3 Nb8 11. Bd3 Na6 12. Ne2 Nb4 13. g4 d5 14. Ng3 dxe4 15.
Nxe4 Nxd3 16. Qxd3 Nxe4 17. Qxe4 f5 18. Qd3 e4 19. Qb3+ Kh8 20. Ne5 Bd6 21. Bf4
fxg4 22. Qg3 Bxe5 23. Bxe5 Qf7 24. hxg4 Qg6 25. g5 Be6 26. Qg2 Rf5 27. Qxe4 Bd5
28. Qe3 Rxg5+ 29. Bg3 Qh5 30. Kf1 Rf8 31. f4 Qh3+ 32. Kf2 Qg2# 0-1

[Event "2BLO 1920 SF Bad Mergentheim - Erfurter"]
[Site "?"]
[Date "2019.12.08"]
[Round "6.6"]
[White "Ivanov, Mikhail M"]
[Black "Mueller, Matthias"]
[Result "1/2-1/2"]
[WhiteElo "2338"]
[BlackElo "2385"]
[PlyCount "21"]
[EventDate "2019.??.??"]

1. Nf3 d5 2. g3 Nf6 3. Bg2 e6 4. O-O c5 5. d4 Nc6 6. c4 Be7 7. cxd5 exd5 8.
dxc5 Bxc5 9. Bg5 O-O 10. Nc3 d4 11. Ne4 {(=)} 1/2-1/2

[Event "2BLO 1920 SF Bad Mergentheim - Erfurter"]
[Site "?"]
[Date "2019.12.08"]
[Round "6.7"]
[White "Voekler, Bernd"]
[Black "Reinhardt, Bernd"]
[Result "1-0"]
[WhiteElo "2355"]
[BlackElo "2185"]
[PlyCount "83"]
[EventDate "2019.??.??"]

1. e4 g6 2. d4 Bg7 3. Nc3 d6 4. Be3 Nd7 5. h4 h5 6. Qd2 c6 7. Nh3 e5 8. d5 c5
9. Be2 a6 10. a4 b6 11. g3 Ngf6 12. f3 Qe7 13. Kf2 Nh7 14. Kg2 Ndf8 15. Nf2 Bd7
16. Rhb1 Bc8 17. b4 Nd7 18. bxc5 bxc5 19. Nh3 O-O 20. Ng5 Nxg5 21. hxg5 f5 22.
gxf6 Nxf6 23. a5 Qd7 24. Rh1 Ra7 25. Na4 Ne8 26. Nb6 Qd8 27. Bg5 Bf6 28. Bxf6
Nxf6 29. Rab1 Kg7 30. Nxc8 Qxc8 31. Rb6 Raf7 32. Qe3 Ne8 33. Qg5 Kh7 34. g4 Rg7
35. Bxa6 Qa8 36. Ra1 Rf4 37. Bb5 Nf6 38. Rxd6 Nxe4 39. fxe4 Rxg4+ 40. Qxg4 hxg4
41. Rh1+ Kg8 42. Re6 {(Schwarz gibt auf)} 1-0

[Event "2BLO 1920 SF Bad Mergentheim - Erfurter"]
[Site "?"]
[Date "2019.12.08"]
[Round "6.8"]
[White "Raps, Johannes"]
[Black "Casper, Thomas"]
[Result "1/2-1/2"]
[WhiteElo "2137"]
[BlackElo "2351"]
[PlyCount "22"]
[EventDate "2019.??.??"]

1. d4 Nf6 2. Nf3 d6 3. c4 g6 4. Nc3 Bg7 5. e4 O-O 6. Be2 e5 7. dxe5 dxe5 8. Bg5
Qxd1+ 9. Rxd1 Nbd7 10. O-O Nc5 11. Nd5 Nxd5 {(=)} 1/2-1/2

[Event "2BLO 1920 SC NT Nürnberg - Nickelhütt"]
[Site "?"]
[Date "2019.12.08"]
[Round "6.1"]
[White "Erdos, Viktor"]
[Black "Milov, Leonid"]
[Result "1-0"]
[WhiteElo "2609"]
[BlackElo "2457"]
[PlyCount "69"]
[EventDate "2019.??.??"]

1. d4 d5 2. Nf3 Nf6 3. c4 c6 4. e3 Bg4 5. Qb3 Qb6 6. Nc3 e6 7. Nh4 Bh5 8. h3
Bg6 9. Nxg6 hxg6 10. Bd2 Nbd7 11. O-O-O Be7 12. Kb1 Qxb3 13. axb3 a6 14. Bd3
O-O-O 15. g4 Rh4 16. f3 Rdh8 17. Bf1 Ne8 18. Bg2 f5 19. cxd5 exd5 20. e4 dxe4
21. fxe4 fxg4 22. hxg4 Rxh1 23. Rxh1 Rxh1+ 24. Bxh1 c5 25. Nd5 Bd8 26. dxc5
Nxc5 27. Kc2 Nd7 28. Nf4 Ne5 29. Bc3 Nxg4 30. Nxg6 Bg5 31. Bf3 Nh6 32. Kd3 Kd7
33. Nf8+ Ke7 34. Bb4+ Kf7 35. Bh5+ {(Schwarz gibt auf)} 1-0

[Event "2BLO 1920 SC NT Nürnberg - Nickelhütt"]
[Site "?"]
[Date "2019.12.08"]
[Round "6.2"]
[White "Yelisieiev, Yevhenii"]
[Black "Antal, Gergely"]
[Result "0-1"]
[WhiteElo "2403"]
[BlackElo "2563"]
[PlyCount "160"]
[EventDate "2019.??.??"]

1. Nf3 Nf6 2. d4 g6 3. c4 Bg7 4. Nc3 d5 5. Qb3 dxc4 6. Qxc4 O-O 7. e4 a6 8. Be2
b5 9. Qb3 c5 10. dxc5 Be6 11. Qc2 Nbd7 12. Be3 Rc8 13. Rd1 b4 14. Na4 Qa5 15.
b3 Ng4 16. Bd4 Bxd4 17. Nxd4 Nxc5 18. Nxc5 Rxc5 19. Qb2 Bc8 20. h3 Nf6 21. e5
Ne4 22. O-O Nc3 23. Rd2 Qb6 24. e6 Bxe6 25. Nxe6 Qxe6 26. Bc4 Qc6 27. Re1 e6
28. a3 a5 29. Rd4 Rg5 30. Bf1 bxa3 31. Qxa3 Nb5 32. Qxa5 Nxd4 33. Qxg5 Nxb3 34.
h4 Qc5 35. Qf6 Qd4 36. Qg5 Nd2 37. h5 Qc3 38. Rd1 Ne4 39. Qf4 Nf6 40. hxg6 hxg6
41. Rd3 Qa1 42. Qd4 Ra8 43. g3 Kg7 44. Qxa1 Rxa1 45. Kg2 Ra2 46. Kg1 Ne4 47. f4
g5 48. Re3 Ra4 49. Bb5 gxf4 50. gxf4 Rb4 51. Be2 Kf6 52. Kg2 Nd6 53. Kf3 Nf5
54. Rc3 Nd4+ 55. Ke3 Nxe2 56. Kxe2 Rxf4 57. Ke3 Rh4 58. Rc6 Kf5 59. Rc7 f6 60.
Rc6 e5 61. Ra6 Rh3+ 62. Kf2 e4 63. Kg2 Rb3 64. Kf2 Ke5 65. Ke2 f5 66. Ra8 Kf4
67. Ra2 Rh3 68. Ra5 Rh2+ 69. Kf1 Rb2 70. Rc5 e3 71. Ra5 Ke4 72. Ke1 f4 73. Kf1
Kf3 74. Ra1 Rf2+ 75. Kg1 Rg2+ 76. Kh1 Rg8 77. Rf1+ Ke4 78. Ra1 e2 79. Kh2 Ke3
80. Rb1 Kf2 {(Weiß gibt auf)} 0-1

[Event "2BLO 1920 SC NT Nürnberg - Nickelhütt"]
[Site "?"]
[Date "2019.12.08"]
[Round "6.3"]
[White "Gonda, Laszlo"]
[Black "Mischustov, Michael"]
[Result "1-0"]
[WhiteElo "2515"]
[BlackElo "2349"]
[PlyCount "57"]
[EventDate "2019.??.??"]

1. d4 Nf6 2. c4 e6 3. g3 Bb4+ 4. Bd2 c5 5. Bxb4 cxb4 6. Bg2 O-O 7. e3 d6 8. Ne2
Qc7 9. Nd2 a5 10. O-O e5 11. Rc1 Bd7 12. c5 d5 13. e4 dxe4 14. Nxe4 Nxe4 15.
Bxe4 exd4 16. Nxd4 Bc6 17. Qc2 h6 18. Rfe1 Bxe4 19. Qxe4 Na6 20. Nf5 Kh8 21.
Qg4 Rg8 22. Re7 Qd8 23. Rd1 Qf8 24. Qh4 Nxc5 25. Nd6 Rd8 26. Nxf7+ Qxf7 27.
Rxd8 Qxa2 28. Rxg8+ Kxg8 29. Qd4 {(Schwarz gibt auf)} 1-0

[Event "2BLO 1920 SC NT Nürnberg - Nickelhütt"]
[Site "?"]
[Date "2019.12.08"]
[Round "6.4"]
[White "Hoffmann, Sebastian"]
[Black "Meijers, Viesturs"]
[Result "1-0"]
[WhiteElo "2188"]
[BlackElo "2429"]
[PlyCount "111"]
[EventDate "2019.??.??"]

1. e4 e5 2. Nf3 Nf6 3. Nc3 Bb4 4. Nxe5 O-O 5. Be2 d6 6. Nd3 Bxc3 7. dxc3 Nxe4
8. O-O h6 9. Nf4 Nc6 10. c4 Bf5 11. Nd5 Nf6 12. Ne3 Be4 13. b3 Re8 14. Bb2 Nd7
15. Bf3 Bxf3 16. Qxf3 Nde5 17. Qh3 Ng6 18. Nf5 Qg5 19. f4 Nxf4 20. Rxf4 Qxf4
21. Bxg7 Ne5 22. Rf1 Qg5 23. Bf6 Qxf6 24. Nxh6+ Kg7 25. Rxf6 Kxf6 26. Qf5+ Ke7
27. c5 Rh8 28. cxd6+ cxd6 29. Qe4 Ke6 30. Qf5+ Ke7 31. Qe4 Ke6 32. Nf5 Rag8 33.
Nd4+ Kf6 34. Qxb7 Rh4 35. Nf3 Rf4 36. Nxe5 dxe5 37. Qxa7 Rd4 38. Qa6+ Kg5 39.
Qe2 f6 40. Qe3+ Kg6 41. h3 Kf7 42. a4 Ke6 43. a5 f5 44. Qh6+ Kd5 45. c4+ Ke4
46. Qc6+ Kd3 47. Qe6 Rg3 48. Qxe5 f4 49. a6 Re4 50. Qd5+ Rd4 51. Qf5+ Kc3 52.
Qe5 Rg6 53. Qa5+ Kxb3 54. a7 f3 55. g4 Rf6 56. Kf2 {(Schwarz gibt auf)} 1-0

[Event "2BLO 1920 SC NT Nürnberg - Nickelhütt"]
[Site "?"]
[Date "2019.12.08"]
[Round "6.5"]
[White "Slobodjan, Roman"]
[Black "Heimrath, Reiner"]
[Result "1-0"]
[WhiteElo "2450"]
[BlackElo "2209"]
[PlyCount "109"]
[EventDate "2019.??.??"]

1. e4 e5 2. Bc4 Nf6 3. d3 Bc5 4. Nf3 d6 5. c3 Bb6 6. Nbd2 h6 7. Bb3 c6 8. h3
Qe7 9. Nc4 Bc7 10. Ne3 Na6 11. a3 Bd7 12. Ba2 Rd8 13. b4 Bc8 14. c4 Bb6 15. O-O
g5 16. Nh2 Bd4 17. Rb1 Nc7 18. Qf3 b6 19. Nf5 Bxf5 20. exf5 c5 21. Re1 Kf8 22.
Bd2 Qd7 23. Bb3 Nce8 24. Nf1 Ng7 25. g4 Rc8 26. Ng3 Qc6 27. Qxc6 Rxc6 28. Bd1
Rc7 29. Bf3 Nge8 30. Kg2 Re7 31. Rh1 Nc7 32. h4 Rg8 33. hxg5 hxg5 34. Rh6 Nce8
35. Rbh1 Rc7 36. b5 Ke7 37. a4 Rc8 38. Ne2 Bb2 39. Ng1 Nd7 40. Bb7 Rb8 41. Bc6
Rg7 42. Nf3 f6 43. Rh7 Nf8 44. Rxg7+ Nxg7 45. Nxg5 d5 46. Nh7 dxc4 47. Nxf8
Rxf8 48. dxc4 Rd8 49. Be3 Bd4 50. Bc1 Ne8 51. Rh7+ Kd6 52. Bh6 e4 53. Bf8+ Ke5
54. Re7+ Kf4 55. Rxe4+ {(Schwarz gibt auf)} 1-0

[Event "2BLO 1920 SC NT Nürnberg - Nickelhütt"]
[Site "?"]
[Date "2019.12.08"]
[Round "6.6"]
[White "Epding, Olaf"]
[Black "Londyn, Radek"]
[Result "0-1"]
[WhiteElo "2195"]
[BlackElo "2412"]
[PlyCount "64"]
[EventDate "2019.??.??"]

1. b3 d5 2. Bb2 c5 3. e3 e6 4. Nf3 Nc6 5. Bb5 Nge7 6. O-O a6 7. Be2 Ng6 8. d4
cxd4 9. Nxd4 Nxd4 10. Qxd4 e5 11. Qd1 Bc5 12. Nd2 O-O 13. Nf3 e4 14. Ne1 Be6
15. c4 dxc4 16. Bxc4 Bxc4 17. bxc4 Qe7 18. Nc2 Rad8 19. Nd4 Qg5 20. Kh1 Bxd4
21. Bxd4 Nh4 22. Rg1 Nf5 23. Rb1 Nxd4 24. exd4 Qf6 25. Qe2 Rxd4 26. Rxb7 Qc6
27. Rb4 h6 28. Rc1 Rfd8 29. Rbb1 Rd2 30. Qe3 R8d3 31. Qf4 e3 32. Qf5 e2 {
(Weiß gibt auf)} 0-1

[Event "2BLO 1920 SC NT Nürnberg - Nickelhütt"]
[Site "?"]
[Date "2019.12.08"]
[Round "6.7"]
[White "Eichner, Sebastian"]
[Black "Homuth, Wolfgang"]
[Result "1-0"]
[WhiteElo "2344"]
[BlackElo "2173"]
[PlyCount "103"]
[EventDate "2019.??.??"]

1. e4 c6 2. d4 d5 3. Nc3 dxe4 4. Nxe4 Bf5 5. Ng3 Bg6 6. h4 h6 7. Nf3 Nd7 8. h5
Bh7 9. Bd3 Bxd3 10. Qxd3 Ngf6 11. Bf4 Qa5+ 12. Bd2 Qc7 13. O-O-O e6 14. Kb1
O-O-O 15. c4 Be7 16. Bc3 Rhe8 17. a3 Qb6 18. Ka2 Bf8 19. Qe2 Qa6 20. Rc1 Kb8
21. Bd2 c5 22. Bf4+ Bd6 23. Bxd6+ Qxd6 24. Rhd1 cxd4 25. Rxd4 Qc7 26. Rcd1 Rc8
27. b3 e5 28. R4d2 e4 29. Nd4 e3 30. Rd3 exf2 31. Qxf2 a6 32. Ndf5 Nc5 33. Rd4
Nfe4 34. Nxe4 Nxe4 35. Qc2 Qe5 36. g4 Re6 37. Nxg7 Nc3+ 38. Qxc3 Qxg7 39. R1d2
Re1 40. Qg3+ Qe5 41. Qxe5+ Rxe5 42. Rf4 Rc7 43. Rdf2 Rd7 44. Rxf7 Rd1 45. Rh7
Ree1 46. Rxh6 Ra1+ 47. Kb2 Rec1 48. a4 Rab1+ 49. Ka3 a5 50. Rb6 Ka7 51. Rb5 b6
52. h6 {(Schwarz gibt auf)} 1-0

[Event "2BLO 1920 SC NT Nürnberg - Nickelhütt"]
[Site "?"]
[Date "2019.12.08"]
[Round "6.8"]
[White "Albrecht, Hans"]
[Black "Spiess, Gunter"]
[Result "1/2-1/2"]
[WhiteElo "2189"]
[BlackElo "2393"]
[PlyCount "20"]
[EventDate "2019.??.??"]

1. d4 Nf6 2. Nf3 c5 3. d5 b5 4. a4 b4 5. c4 e6 6. dxe6 fxe6 7. g3 Bb7 8. Bg2
Be7 9. O-O O-O 10. b3 Nc6 {(=)} 1/2-1/2

[Event "2BLO 1920 SF Bad Mergentheim - FC Bayer"]
[Site "?"]
[Date "2020.02.08"]
[Round "7.1"]
[White "Bezold, Michael"]
[Black "Karpatchev, Aleksandr"]
[Result "1-0"]
[WhiteElo "2479"]
[BlackElo "2414"]
[PlyCount "105"]
[EventDate "2020.??.??"]

1. c4 e5 2. b3 Nf6 3. Bb2 Nc6 4. e3 a6 5. a3 d5 6. cxd5 Qxd5 7. d3 Bd6 8. Qc2
Bg4 9. Nd2 O-O-O 10. Ngf3 Kb8 11. Be2 h6 12. Rc1 Bd7 13. O-O g5 14. Ne4 Nxe4
15. dxe4 Qe6 16. b4 f6 17. Rfd1 h5 18. Nd2 g4 19. Nc4 h4 20. Nxd6 cxd6 21. Qd2
Bc8 22. Bxa6 g3 23. Bf1 gxh2+ 24. Kxh2 Ne7 25. b5 d5 26. exd5 Rxd5 27. Qc2 Qd6
28. Rxd5 Nxd5 29. Qc5 Qxc5 30. Rxc5 Rd8 31. Bc1 Nb6 32. e4 Rd1 33. Be2 Rd4 34.
f3 Be6 35. Rc3 Rd7 36. Be3 Nc8 37. f4 Rc7 38. Rxc7 Kxc7 39. f5 Bb3 40. Bd3 Nd6
41. Bf2 Ba4 42. Bxh4 Bxb5 43. Bb1 Ne8 44. g4 Bc4 45. Kg3 Kd7 46. Kf3 b5 47. Bg3
Kd6 48. g5 fxg5 49. Kg4 Nf6+ 50. Kxg5 Nd7 51. Kg6 Nc5 52. Kg7 Nd7 53. f6 1-0

[Event "2BLO 1920 SF Bad Mergentheim - FC Bayer"]
[Site "?"]
[Date "2020.02.08"]
[Round "7.2"]
[White "Ikonnikov, Vyacheslav"]
[Black "Schenk, Andreas"]
[Result "1/2-1/2"]
[WhiteElo "2498"]
[BlackElo "2430"]
[PlyCount "52"]
[EventDate "2020.??.??"]

1. d4 Nf6 2. Nf3 e6 3. c4 b6 4. g3 Bb7 5. Bg2 Be7 6. O-O O-O 7. a3 c5 8. d5
exd5 9. Ne1 b5 10. cxd5 d6 11. Nc2 Re8 12. Nc3 a6 13. b4 Nbd7 14. a4 Qc8 15.
Bd2 Nb6 16. axb5 axb5 17. Rxa8 Bxa8 18. e4 Nc4 19. Be1 Bf8 20. Qb1 Bb7 21. h3
Ba6 22. Kh2 g6 23. f4 Nd7 24. Nd1 Bg7 25. Nce3 Nxe3 26. Nxe3 f5 1/2-1/2

[Event "2BLO 1920 SF Bad Mergentheim - FC Bayer"]
[Site "?"]
[Date "2020.02.08"]
[Round "7.3"]
[White "Zajogin, Alexander"]
[Black "Kazakouski, Valery"]
[Result "0-1"]
[WhiteElo "2415"]
[BlackElo "2460"]
[PlyCount "128"]
[EventDate "2020.??.??"]

1. d4 Nf6 2. c4 e6 3. Nc3 Bb4 4. g3 O-O 5. Bg2 Nc6 6. Nf3 d6 7. O-O Bxc3 8.
bxc3 e5 9. Rb1 h6 10. dxe5 dxe5 11. Qc2 Qe7 12. Nd2 Rd8 13. Re1 Qe6 14. Qa4 e4
15. Nb3 b6 16. Bf4 Bd7 17. Qa6 g5 18. Bxc7 Rdc8 19. c5 Rxc7 20. cxb6 Bc8 21.
Qa4 axb6 22. Qxa8 Ra7 23. Nd4 Rxa8 24. Nxe6 Bxe6 25. f4 Rxa2 26. Rxb6 Ne7 27.
fxg5 hxg5 28. Rb5 g4 29. Re5 Ng6 30. Rc5 Kg7 31. Kf2 Ne7 32. Re5 Nc6 33. Rc5
Nb8 34. Rd1 Nbd7 35. Rc7 Nb6 36. Rd4 e3+ 37. Ke1 Bb3 38. Rd1 Bxd1 39. Kxd1 Na4
40. Rc6 Rd2+ 41. Ke1 Rc2 42. Kd1 Rxc3 43. Rxc3 Nxc3+ 44. Kc2 Nxe2 45. Kd3 Nd4
46. Kxe3 Ne6 47. h3 Kg6 48. hxg4 Kg5 49. Bf3 Nxg4+ 50. Ke4 Ng7 51. Bg2 Nf5 52.
Kf3 Nfe3 53. Bh1 f6 54. Ke2 Nf5 55. Kf3 Ne5+ 56. Kf2 Kg4 57. Be4 Nxg3 58. Bh7
Kf4 59. Ke1 Ke3 60. Kd1 Nc6 61. Kc1 Ne7 62. Kb2 Ne4 63. Kc1 Ng5 64. Bc2 Ne4 0-1